| 000 | 00405nam a2200169Ia 4500 | ||
|---|---|---|---|
| 008 | 230524s9999 xx 000 0 und d | ||
| 020 | _a8129705192 | ||
| 082 |
_a621.389 _bMOT |
||
| 100 | _aWayne Tomasi | ||
| 245 | 0 | _aElectronic Communication Systems | |
| 250 | _a5TH | ||
| 260 |
_aNEW DELHI _bPearson _c2004 |
||
| 300 | _a1163 | ||
| 500 | _aQuantity Number: 2 | ||
| 650 | _aElectronics | ||
| 942 | _cBK | ||
| 999 |
_c9014 _d9014 |
||